000
00328nam a22001457a 4500
008
210302b ||||| |||| 00| 0 eng d
020
_a
9780072381214
041
_a
eng
080
_2
5th
_a
82
082
_a
82
100
_a
21
101
_a
GJL
245
_a
College Writing Skills with Readings
_c
Langan, J
942
_2
udc
_c
BK
999
_c
55471
_d
55471